Samastigata arthabigyan (Record no. 11516)
[ view plain ]
| 000 -LEADER | |
|---|---|
| fixed length control field | 00516nam a22001697a 4500 |
| 005 - DATE AND TIME OF LATEST TRANSACTION | |
| control field | 20260515114942.0 |
| 008 - FIXED-LENGTH DATA ELEMENTS--GENERAL INFORMATION | |
| fixed length control field | 230420b ||||| |||| 00| 0 eng d |
| 040 ## - CATALOGING SOURCE | |
| Original cataloging agency | IN-DiNC |
| Transcribing agency | IN-DiNC |
| 041 ## - LANGUAGE CODE | |
| Language code of sung or spoken text | asm |
| 082 ## - DEWEY DECIMAL CLASSIFICATION NUMBER | |
| Classification number | 339 |
| Item number | GOS |
| 100 ## - MAIN ENTRY--PERSONAL NAME | |
| Personal name | Goswami Nonigopal |
| Relator term | author |
| 245 ## - TITLE STATEMENT | |
| Title | Samastigata arthabigyan |
| Remainder of title | Rastriya ai arthansitik bikash, mudra, bank byabestha aru antrajartik banijya |
| Statement of responsibility, etc. | by Nonigopal Goswami |
| 250 ## - EDITION STATEMENT | |
| Edition statement | 7th ed. |
| 260 ## - PUBLICATION, DISTRIBUTION, ETC. | |
| Place of publication, distribution, etc. | Guwahati |
| Name of publisher, distributor, etc. | Jyoti Prakashan |
| Date of publication, distribution, etc. | 2008 |
| 300 ## - PHYSICAL DESCRIPTION | |
| Extent | 696p. |
| 942 ## - ADDED ENTRY ELEMENTS (KOHA) | |
| Source of classification or shelving scheme | Dewey Decimal Classification |
| Koha item type | Books |
| Withdrawn status | Lost status | Source of classification or shelving scheme | Damaged status | Not for loan | Collection | Home library | Current library | Shelving location | Date acquired | Cost, normal purchase price | Total checkouts | Full call number | Barcode | Date last seen | Date last checked out | Copy number | Price effective from | Koha item type |
|---|---|---|---|---|---|---|---|---|---|---|---|---|---|---|---|---|---|---|
| Dewey Decimal Classification | Naharkatiya College Library | Naharkatiya College Library | General stacks | 04/20/2023 | 180.00 | 4 | 339 GOS | 17760 | 11/15/2025 | 10/17/2025 | 1 | 04/20/2023 | Books |